<?xml version="1.0" encoding="UTF-8"?>
<record
    xmlns:xsi="http://www.w3.org/2001/XMLSchema-instance"
    xsi:schemaLocation="http://www.loc.gov/MARC21/slim http://www.loc.gov/standards/marcxml/schema/MARC21slim.xsd"
    xmlns="http://www.loc.gov/MARC21/slim">

  <leader>02610nam a2200421 i 4500</leader>
  <controlfield tag="001">193300</controlfield>
  <controlfield tag="003">SpMaBN</controlfield>
  <controlfield tag="005">20250712063137.0</controlfield>
  <controlfield tag="007">ta</controlfield>
  <controlfield tag="008">231031s2019    sp     | |||| 000 f spa  </controlfield>
  <datafield tag="017" ind1=" " ind2=" ">
    <subfield code="a">M 22662-2019</subfield>
    <subfield code="b">Oficina Dep&#xF3;sito Legal Madrid</subfield>
  </datafield>
  <datafield tag="020" ind1=" " ind2=" ">
    <subfield code="a">9788416529766</subfield>
  </datafield>
  <datafield tag="035" ind1=" " ind2=" ">
    <subfield code="a">(OCoLC)1142870528</subfield>
  </datafield>
  <datafield tag="035" ind1=" " ind2=" ">
    <subfield code="a">a6655259</subfield>
  </datafield>
  <datafield tag="040" ind1=" " ind2=" ">
    <subfield code="a">SpMaBN</subfield>
    <subfield code="b">spa</subfield>
    <subfield code="c">SpMaBN</subfield>
    <subfield code="e">rda</subfield>
    <subfield code="d">ES-MaACL</subfield>
  </datafield>
  <datafield tag="080" ind1=" " ind2=" ">
    <subfield code="a">821.112.2-31"19"</subfield>
  </datafield>
  <datafield tag="100" ind1="1" ind2=" ">
    <subfield code="a">Schernikau, Ronald M.,</subfield>
    <subfield code="d">1960-1991</subfield>
    <subfield code="e">aut</subfield>
    <subfield code="9">234432</subfield>
  </datafield>
  <datafield tag="245" ind1="1" ind2="0">
    <subfield code="a">Kleinstadtnovelle :</subfield>
    <subfield code="b">relato de provincias /</subfield>
    <subfield code="c">Ronald M. Shernikau ; traducci&#xF3;n de Carlos Fortea</subfield>
  </datafield>
  <datafield tag="250" ind1=" " ind2=" ">
    <subfield code="a">Primera edici&#xF3;n: septiembre 2019</subfield>
  </datafield>
  <datafield tag="264" ind1=" " ind2="1">
    <subfield code="a">[Madrid] :</subfield>
    <subfield code="b">Gallo Nero,</subfield>
    <subfield code="c">2019</subfield>
  </datafield>
  <datafield tag="300" ind1=" " ind2=" ">
    <subfield code="a">79 p&#xE1;ginas ;</subfield>
    <subfield code="c">19 cm</subfield>
  </datafield>
  <datafield tag="336" ind1=" " ind2=" ">
    <subfield code="a">Texto</subfield>
    <subfield code="2">rdacontent</subfield>
  </datafield>
  <datafield tag="337" ind1=" " ind2=" ">
    <subfield code="a">sin mediaci&#xF3;n</subfield>
    <subfield code="2">rdamedia</subfield>
  </datafield>
  <datafield tag="338" ind1=" " ind2=" ">
    <subfield code="a">volumen</subfield>
    <subfield code="2">rdacarrier</subfield>
  </datafield>
  <datafield tag="490" ind1="1" ind2=" ">
    <subfield code="a">Narrativas Gallo Nero ;</subfield>
    <subfield code="v">56</subfield>
  </datafield>
  <datafield tag="520" ind1=" " ind2=" ">
    <subfield code="a">&#xAB;Me acerco al futuro. estaci&#xF3;n zoo, el final, &#xBF;un hermoso comienzo, un mont&#xF3;n de mierda la capacidad de buscar, la voluntad de formar parte de una subcultura?&#xBB;

Publicada por primera vez en 1980 en una Alemania todav&#xED;a dividida, Kleinstadtnovelle conquist&#xF3; a toda una naci&#xF3;n convirti&#xE9;ndose r&#xE1;pidamente en un libro de culto y en un cl&#xE1;sico de la literatura gay. Su autor, Ronald M. Schernikau, la escribi&#xF3; con diecinueve a&#xF1;os y es imposible no detectar en ella un fuerte elemento autobiogr&#xE1;fico.

El protagonista, b., alter ego del autor, relata con pasi&#xF3;n y vehemencia su rebeld&#xED;a y la afirmaci&#xF3;n de su identidad sexual. Schernikau escribe con la fuerza emocional de quien intenta liberarse a s&#xED; mismo a trav&#xE9;s de la escritura, y lo hace de una forma instintiva y visceral. Su novela es un grito urgente y desesperado. El flujo de consciencia es ininterrumpido, nervioso y sin may&#xFA;sculas, coloc&#xE1;ndose as&#xED; m&#xE1;s all&#xE1; de la gram&#xE1;tica y tambi&#xE9;n de las reglas y los prejuicios sociales.</subfield>
  </datafield>
  <datafield tag="655" ind1=" " ind2="7">
    <subfield code="9">175819</subfield>
    <subfield code="a">Novelas autobiogr&#xE1;ficas</subfield>
  </datafield>
  <datafield tag="700" ind1="1" ind2=" ">
    <subfield code="a">Fortea, Carlos,</subfield>
    <subfield code="d">1963-</subfield>
    <subfield code="e">trl</subfield>
    <subfield code="9">51844</subfield>
  </datafield>
  <datafield tag="830" ind1=" " ind2=" ">
    <subfield code="a">Narrativas Gallo Nero </subfield>
    <subfield code="9">234433</subfield>
  </datafield>
  <datafield tag="852" ind1=" " ind2=" ">
    <subfield code="a">ES-MaACL</subfield>
    <subfield code="b">R.154716</subfield>
    <subfield code="c">DEPOJ</subfield>
    <subfield code="j">N-9490</subfield>
    <subfield code="h">Donaci&#xF3;n: Carlos Fortea</subfield>
    <subfield code="9">200740</subfield>
    <subfield code="x">Encuadernaci&#xF3;n r&#xFA;stica con solapas</subfield>
    <subfield code="z">Incluye marcap&#xE1;ginas con la fotograf&#xED;a de la cubierta</subfield>
  </datafield>
  <datafield tag="903" ind1=" " ind2=" ">
    <subfield code="a">Fortea, Carlos,</subfield>
    <subfield code="d">1963-</subfield>
    <subfield code="e">dnr</subfield>
    <subfield code="9">51844</subfield>
  </datafield>
  <datafield tag="942" ind1=" " ind2=" ">
    <subfield code="n">0</subfield>
    <subfield code="c">MONOGRAFIA</subfield>
  </datafield>
  <datafield tag="999" ind1=" " ind2=" ">
    <subfield code="c">193300</subfield>
    <subfield code="d">193300</subfield>
  </datafield>
  <datafield tag="952" ind1=" " ind2=" ">
    <subfield code="0">0</subfield>
    <subfield code="1">0</subfield>
    <subfield code="2">udc</subfield>
    <subfield code="4">0</subfield>
    <subfield code="7">0</subfield>
    <subfield code="a">ATENEOM</subfield>
    <subfield code="b">ATENEOM</subfield>
    <subfield code="c">DEPOJ</subfield>
    <subfield code="d">2023-10-31</subfield>
    <subfield code="e">DONACION</subfield>
    <subfield code="j">1</subfield>
    <subfield code="l">0</subfield>
    <subfield code="o">N-9490</subfield>
    <subfield code="p">101206029</subfield>
    <subfield code="r">2023-10-31 00:00:00</subfield>
    <subfield code="y">MONOGRAFIA</subfield>
  </datafield>
</record>
